| 000 | 00523nam a2200205 a 4500 | ||
|---|---|---|---|
| 999 |
_c1808 _d1808 |
||
| 001 | 1808 | ||
| 003 | BD-JhCC | ||
| 005 | 20171024180429.0 | ||
| 008 | 171024s1986 n a|||| |||| 000 0 eng d | ||
| 035 | _a(BD-JhCC)1808 | ||
| 040 |
_aBD-JhCC _dBD-JhCC |
||
| 041 | _aeng | ||
| 082 |
_a428.6 _bMAT 1986 |
||
| 100 | _aMatteoni, Lousise | ||
| 245 |
_aSilver Rain / _cLouise Matteoni |
||
| 260 |
_aNew York : _bThe Economy Company ; _c1986 |
||
| 300 |
_a527 p.; _bill ; _c24 cm |
||
| 650 | _aReaders (elementary) | ||
| 942 |
_2ddc _cBK |
||